- Castel, Robert,
Entry Nombre Personal
001 - NUMERO DE CONTROL
- campo de control: 39649
003 - IDENTIFICADOR DE NUMERO DE CONTROL
- campo de control: DLC
005 - FECHA Y HORA DE LA ÜLTIMA TRANSACCIÓN
- campo de control: 20230511113953.0
008 - DATOS DE LONGITUD FIJA
- campo de control de longitud fija: 230511n| acannaabn |n aaa c
010 ## - NÚMERO DE CONTROL DE LA BIBLIOTECA DEL CONGRESO
- Número de control LC: no2009037412
035 ## - NUMERO DE CONTROL
- Número de control: (OCoLC)oca08041387
040 ## - FUENTE DE CATALOGACIÓN
- Agencia original de catalogación: IEN
- Lenguaje de catalogación: spa
- Agencia de transcripción: IEN
- Agencia que lo modifica: DLC
- Agencia que lo modifica: MX-MxUPN
046 ## - FECHAS CON CODIFICACIÓN ESPECIAL
- Fecha de nacimiento: 1933-03-27
- Fecha de muerte: 2013-03-12
100 1# - ENCABEZAMIENTO - NOMBRE PERSONAL
- Nombre personal: Castel, Robert,
- Fechas asociadas con el nombre: 1933-2013
370 ## - LUGAR ASOCIADO
- Associated country: Francia
372 ## - CAMPO DE ACTIVIDAD
- Field of activity: Sociología
373 ## - GRUPO ASOCIADO
- Associated group: Universidad de Lille. Facultad de Letras
374 ## - OCUPACIÓN
- Occupation: Sociólogo
- Occupation: Profesor universitario
670 ## - FUENTE EN LA QUE SE LOCALIZARON DATOS
- Cita de la fuente: Inoubliable Algérie, 1965:
- Información localizada: portada (Robert Castel) página 13 (n. in Bab-el-Oued)
670 ## - FUENTE EN LA QUE SE LOCALIZARON DATOS
- Cita de la fuente: IMDb, 11 March 2009
- Información localizada: (Robert Castel, Robert Adolphe Castel, b. May 21, 1933, Bab El-Oued, Algeria; married to Lucette Sahuquet; actor, writer)
670 ## - FUENTE EN LA QUE SE LOCALIZARON DATOS
- Cita de la fuente: Bibl. nat. de France catalog, 11 March 2009
- Información localizada: (hdg.: Castel, Robert (1933-.... ; comédien); b. May 21, 1933; author, actor, specialist in 'pied-noir' humor; plays lute, violin and guitar)
670 ## - FUENTE EN LA QUE SE LOCALIZARON DATOS
- Cita de la fuente: En el sitio web Wikipedia, consultado mayo 11, 2023:
- Información localizada: (Robert Castel Brest (Francia , 27 de marzo de 1933 - 12 de marzo de 2013) fue un sociólogo francés. Finalizó sus estudios de filosofía en 1959. Fue profesor asistente de filosofía en la Facultad de Letras de la Universidad de Lille hasta 1967, año en que se trasladó a la Sorbona, junto a Raymond Aron. Es en esos años cuando Castel conoce a Pierre Bourdieu y comienza a trabajar con él, abandonando definitivamente la filosofía por la sociología.)
- Uniform Resource Identifier: https://es.wikipedia.org/wiki/Robert_Castel
902 ## - CATALOGADOR
- Catalogador: NDAF/110523
